Медицинская реабилитация в практической медицине: инновационные технологии (Запись № 12140289)

Подробности
000 -МАРКЕР
контрольное поле 02574nam0a2200349 4500
001 - ИДЕНТИФИКАТОР ЗАПИСИ
контрольное поле RU\NLR\BIBL_A\011529951
005 - ИДЕНТИФИКАТОР ВЕРСИИ
контрольное поле 20260408200406.0
010 ## - МЕЖДУНАРОДНЫЙ СТАНДАРТНЫЙ НОМЕР КНИГИ (ISBN)
Номер (ISBN) 978-5-7032-1216-5
Тираж 130
021 ## - НОМЕР ГОСУДАРСТВЕННОЙ РЕГИСТРАЦИИ
Код страны Российская Федерация
Номер 2017-80955
Номер Листа государственной регистраци 5778
035 ## - ДРУГИЕ СИСТЕМНЫЕ НОМЕРА
Идентификатор записи (NLR Aleph) 011529951
035 ## - ДРУГИЕ СИСТЕМНЫЕ НОМЕРА
Идентификатор записи (RuMoRGB)009432422
100 ## - ДАННЫЕ ОБЩЕЙ ОБРАБОТКИ
Данные общей обработки 20171120d2017 k y0rusy50 ca
101 0# - ЯЗЫК РЕСУРСА
Язык текста, звукозаписи и т.д. русский
102 ## - СТРАНА ПУБЛИКАЦИИ ИЛИ ПРОИЗВОДСТВА
Страна публикации Российская Федерация
105 ## - ПОЛЕ КОДИРОВАННЫХ ДАННЫХ: ТЕКСТОВЫЕ МАТЕРИАЛЫ, МОНОГРАФИЧЕСКИЕ
Кодированные данные о монографическом текстовом документе y|||z|||100zy
200 1# - ЗАГЛАВИЕ И СВЕДЕНИЯ ОБ ОТВЕТСТВЕННОСТИ
Основное заглавие Медицинская реабилитация в практической медицине: инновационные технологии
Сведения, относящиеся к заглавию материалы VII межрегиональной научно-практической конференции с международным участием, Нижний Новгород, 6 октября 2017 г.
Первые сведения об ответственности Министерство здравоохранения Нижегородской области, Нижегородская государственная медицинская академия [и др.
Последующие сведения об ответственности редколлегия: проф., д.м.н. Т. Е. Белоусова, доц., к.м.н. Ю. А. Исраелян]
210 ## - ПУБЛИКАЦИЯ, РАСПРОСТРАНЕНИЕ И ДР.
Место издания, распространения и т.д. Нижний Новгород
Имя издателя, распространителя и т. д. Изд-во НижГМА
Дата издания, распространения и т.д. 2017
215 ## - ФИЗИЧЕСКАЯ ХАРАКТЕРИСТИКА
Специфическое обозначение материала и объем 107 с.
Размеры 20
300 ## - ОБЩИЕ ПРИМЕЧАНИЯ
Текст примечания В надзаг. также: Ин-т непрерыв. мед. образования, Каф. мед. реабилитации и физиотерапии ФПКВ, Нижегор. обл. обществ. орг. специалистов восстановит. медицины, ГБУЗ НО "Гор. клин. больница № 3 "Нижегор. обл. гериатр. центр"
606 ## - НАИМЕНОВАНИЕ ТЕМЫ КАК ПРЕДМЕТ
Наименование темы Реабилитация (мед.)
Формальный подзаголовок Съезды, совещания и т.п
Тематический подзаголовок Инновационные технологии
Системный номер авторитетной/нормативной записи 2400341
Идентификатор авторитетной/нормативной записи RU\NLR\AUTH\661430856
686 ## - ИНДЕКСЫ ДРУГИХ КЛАССИФИКАЦИЙ
Индекс Р.я431(0)
Код системы
686 1# - ИНДЕКСЫ ДРУГИХ КЛАССИФИКАЦИЙ
Индекс Р35с.я431(2)
702 #1 - ИМЯ ЛИЦА - ВТОРИЧНАЯ ОТВЕТСТВЕННОСТЬ
Начальный элемент ввода Белоусова
Часть имени, кроме начального элемента ввода Т. Е.
Расширение инициалов личного имени Татьяна Евгеньевна
Код отношения Редактор
711 12 - НАИМЕНОВАНИЕ ОРГАНИЗАЦИИ - АЛЬТЕРНАТИВНАЯ ОТВЕТСТВЕННОСТЬ
Начальный элемент ввода "Медицинская реабилитация в практической медицине", межрегиональная научно-практическая конференция с международным участием
Порядковый номер временной организации и / или порядковый номер ее части 7
Место проведения временной организации Нижний Новгород
Дата проведения временной организации 2017
Системный номер авторитетной/нормативной записи 578058
Идентификатор авторитетной/нормативной записи RU\NLR\AUTH\880457455
712 02 - НАИМЕНОВАНИЕ ОРГАНИЗАЦИИ - ВТОРИЧНАЯ ОТВЕТСТВЕННОСТЬ
Код отношения Прочие
Начальный элемент ввода Нижегородская государственная медицинская академия
Системный номер авторитетной/нормативной записи 427722
Идентификатор авторитетной/нормативной записи RU\NLR\AUTH\889965730
942 ## - ДОПОЛНИТЕЛЬНЫЕ ЭЛЕМЕНТЫ ЗАПИСИ (АБИС)
Тип экземпляра АБИС Книга
980 ## - КОЛЛЕКЦИЯ
Название коллекции НБР
980 ## - КОЛЛЕКЦИЯ
Название коллекции Национальная библиография

Нет доступных экземпляров.